|
|
|
|
| LEADER |
00000nam0a2200000 4500 |
| 001 |
304309 |
| 005 |
20231102001704.0 |
| 020 |
|
|
|a RU
|b 83-45941
|
| 035 |
|
|
|a (RuTPU)RU\TPU\book\329544
|
| 090 |
|
|
|a 304309
|
| 100 |
|
|
|a 20150912d1983 km y0rusy5003 ca
|
| 101 |
0 |
|
|a rus
|
| 102 |
|
|
|a BY
|
| 105 |
|
|
|a a z 001zy
|
| 200 |
1 |
|
|a Контроль полупроводниковых приборов жидкими кристаллами
|f А. И. Дударчик, В. А. Семин, Б. И. Горбунов
|g под ред. В. А. Лабунова
|
| 210 |
|
|
|a Минск
|c Наука и техника
|d 1983
|
| 215 |
|
|
|a 119 с.
|c ил.
|
| 320 |
|
|
|a Библиогр.: с. 113-117
|
| 606 |
1 |
|
|a Полупроводниковые приборы
|x Производство
|x Технический контроль
|2 stltpush
|3 (RuTPU)RU\TPU\subj\50695
|9 69346
|
| 610 |
0 |
|
|a тпловой контроль
|
| 610 |
1 |
|
|a кисталлы жидкие
|
| 610 |
1 |
|
|a применение
|
| 610 |
1 |
|
|a получение
|
| 610 |
1 |
|
|a методы
|
| 610 |
1 |
|
|a эфиры
|
| 610 |
1 |
|
|a холестерин
|
| 610 |
1 |
|
|a свойства
|
| 610 |
1 |
|
|a температурное расширение
|
| 610 |
1 |
|
|a линейное расширение
|
| 610 |
1 |
|
|a сроки службы
|
| 675 |
|
|
|a 621.382.002
|z rus
|v 3
|
| 700 |
|
1 |
|a Дударчик
|b А. И.
|g Анатолий Иванович
|4 070
|
| 701 |
|
1 |
|a Семин
|b В. А.
|g Владимир Александрович
|
| 701 |
|
1 |
|a Горбунов
|b Б. И.
|g Борис Иванович
|
| 702 |
|
1 |
|a Лабунов
|b В. А.
|4 340
|
| 801 |
|
0 |
|a RU
|b RuMRKP
|c 19950704
|g psbo
|
| 801 |
|
1 |
|a RU
|b 63413507
|c 20150912
|
| 801 |
|
2 |
|a RU
|b 63413507
|c 20190215
|g RCR
|
| 942 |
|
|
|c BK
|